Statistieken voor zo snel mogelijk het alfabet typen

Klik hier om de quiz te nemen!

Algemene statistieken

  • Deze quiz is 206 keer genomen
  • De gemiddelde score is 23 van 26

Antwoordstatistieken

hintAntwoord% Correct
lettera
100%
letterd
100%
letterb
100%
letterc
97%
lettere
97%
letteri
97%
letterf
94%
letterg
94%
letterh
94%
letterl
91%
letterj
91%
letterk
91%
letterm
88%
lettert
88%
lettero
88%
letterp
88%
letters
88%
letterw
85%
letterv
85%
lettern
85%
letteru
85%
letterr
85%
letterq
85%
lettery
82%
letterx
79%
letterz
79%

Scoreverdeling

Percentiel versus Aantal Correcte Antwoorden

Procent van Mensen met Elke Score

Uw Scoregeschiedenis

U heeft deze quiz nog niet genomen